000 01226nam a22003137a 4500
001 7609
003 FISKH
005 20250728090506.0
008 250728b cb ||||| |||| 00| 0 eng d
020 _a9780007289578
040 _aFISKH
_beng
_cFISKH
_dFISKH
050 _a PZ7.L58474 L
082 _a823.087661
100 _aLewis, C.S.
245 _aThe lion, the witch and the wardrobe /
_cBy C. S. Lewis : Illustrated by Christian Birmingham
250 _aThis edition first published in 2008
260 _aLondon :
_bHarperCollins Children's Books ,
_c1950.
300 _a48 unnumbered pages :
_bcolor illustrations ;
_c30 cm .
490 _aThe Chronicles of Narnia: Publication order
_v1
505 _aM
520 _aFour English schoolchildren find their way through the back of a wardrobe into the magic land of Narnia and assist Aslan, the golden lion, to triumph over the White Witch, who has cursed the land with eternal winter.
521 8 _a530
_bLexile estimate
521 8 _aM
_bRaz-Plus
650 _aAllegory
_vChildren's Literature
651 _aAdventure
_vChildren's Literature
700 _aBirmingham, Christian
_eIllustrator
942 _2ddc
_cBK
_n0
999 _c7609
_d7609